Leonardo da Vinci : Architektor 1452-1952 /

Gespeichert in:
Bibliographische Detailangaben
1. Verfasser: Michajlov, Boris P (Verfasst von)
Format: Buch
Sprache:Russisch
Veröffentlicht: Moskva : Gosudarstevnoe izdatelstvo literatury po stritelstvu i architekture, 1952
Ausgabe:1. vydanie
Schlagworte:
Tags: Tag hinzufügen
Keine Tags, Fügen Sie das erste Tag hinzu!

MARC

LEADER 00000nam a22000003a 4500
001 0109351
003 SK-STU
005 20240515134947.9
007 ta
008 240515s ----xo-----e------000-0-----d
040 |a STU  |b slo 
041 0 |a rus 
044 |a ru 
100 1 |a Michajlov, Boris P  |4 aut 
245 1 0 |a Leonardo da Vinci :  |b Architektor 1452-1952 /  |c aut. Boris P Michajlov 
250 |a 1. vydanie 
260 |a Moskva :  |b Gosudarstevnoe izdatelstvo literatury po stritelstvu i architekture,  |c 1952 
300 |a 80 s. 
650 0 7 |a architekti talianski 
650 0 7 |a výtvarníci zahraniční 
650 0 7 |a architekt 
650 0 7 |a život a dielo 
996 |b 284AU09984  |c A* 13352/U  |l AAKNAR  |s A  |a 24  |w 0109351_0001